Normal view
MARC view
Entry Topical Term
001 - CONTROL NUMBER
- control field: 25396
003 - CONTROL NUMBER IDENTIFIER
- control field: dpl
005 - DATE AND TIME OF LATEST TRANSACTION
- control field: 20110119164029.0
008 - FIXED-LENGTH DATA ELEMENTS
- fixed length control field: 110119|||a|||||| | ||| d
040 ## - CATALOGING SOURCE
- Original cataloging agency: dpl
- Transcribing agency: dpl
150 ## - HEADING--TOPICAL TERM
- Topical term or geographic name as entry element: Data recovery (Computer science)
670 ## - SOURCE DATA FOUND
- Source citation: Work cat.: (dpl)0: Freeman, Robert G. 1965- 25393, Oracle RMAN 11g :, c2010
670 ## - SOURCE DATA FOUND
- Source citation: Work cat.: (dpl)0: Freeman, Robert G. 1965- 25393, Oracle RMAN 11g :, c2010
